| 000 | 00766 a2200205 4500 | ||
|---|---|---|---|
| 008 | 240605b mp ||||| |||| 00| 0 mon d | ||
| 035 | _a5277 | ||
| 040 |
_aHE0623081 _bmon _cMN-UlNLM _dMN-UlNLM _erda |
||
| 041 | _amon | ||
| 042 | _a8910 | ||
| 084 |
_2NNA _a74.102 _bА.714 |
||
| 245 | 0 | _aАрван хоёр жилийн магтаал | |
| 264 |
_aУБ. _bМонсудар хэвлэлийн газар _c2014 |
||
| 300 | _a12х. | ||
| 336 |
_2rdacontent _atext _btxt |
||
| 337 |
_2rdamedia _aunmediated _bn |
||
| 338 |
_2rdacarrier _avolume _bnc |
||
| 650 | _a12 жил Хулгана, Үхэр, Бар, Туулай, Луу, Могой, Морь, Хонь, Бич, Тахиа, Нохой, Гахай магтаал Дугардаг ном... | ||
| 942 |
_2NNA _cBK |
||
| 999 |
_c877629 _d877686 |
||